Clinical examination; a systematic guide to physical diagnosis [Vol.I] (Record no. 28240)

MARC details
000 -LEADER
fixed length control field 00493nam a2200193Ia 4500
020 ## - INTERNATIONAL STANDARD BOOK NUMBER
ISBN 9780729542890
050 ## - CALL MARK
Classification number RC 76 .T35/
100 ## - STATEMENT OF RESPONSIBILITY--MAIN AUTHOR NAME
Personal name Talley, Nicholas J.
245 #0 - TITLE STATEMENT
Title Clinical examination; a systematic guide to physical diagnosis [Vol.I]
250 ## - EDITION / VOLUME STATEMENT
Edition / Volume statement 8th ed.
260 ## - PUBLICATION, DISTRIBUTION, ETC. (IMPRINT)
Place of publication Australia
260 ## - PUBLICATION, DISTRIBUTION, ETC. (IMPRINT)
Name of publisher Elsevier
260 ## - PUBLICATION, DISTRIBUTION, ETC. (IMPRINT)
Year of publication 2019
300 ## - PHYSICAL DESCRIPTION
Number of Pages 888 p
650 ## - SUBJECT ADDED ENTRY--TOPICAL TERM
Topical Term Physical diagnosis.
942 ## - ADDED ENTRY ELEMENTS (KOHA)
Koha item type Books
Holdings
Withdrawn status Lost status Source of classification or shelving scheme Damaged status Not for loan Permanent Location Current Location Shelving location Date acquired Accession Number Price effective from Koha item type
    Library of Congress Classification     College of Health Sciences Library College of Health Sciences Library Items on shelf 04/23/2025 0193982 04/23/2025 Books